书目信息 |
| 题名: |
新闻写作精选案例解析
|
|
| 作者: | 赵凤山 著 | |
| 分册: | ||
| 出版信息: | 北京 中国文史出版社 2021.03 |
|
| 页数: | 342页 | |
| 开本: | 25cm | |
| 丛书名: | ||
| 单 册: | ||
| 中图分类: | G212.2 | |
| 科图分类: | ||
| 主题词: | 新闻写作--xin wen xie zuo | |
| 电子资源: | ||
| ISBN: | 978-7-5205-1801-7 | |
| 000 | 00917nam0 2200253 450 | |
| 001 | 2159228241 | |
| 005 | 20210926145247.0 | |
| 010 | @a978-7-5205-1801-7@dCNY68.00 | |
| 100 | @a20210130d2021 em y0chiy0120 ea | |
| 101 | 0 | @achi |
| 102 | @aCN@b110000 | |
| 105 | @ay z 000yy | |
| 106 | @ar | |
| 200 | 1 | @a新闻写作精选案例解析@Axin wen xie zuo jing xuan an li jie xi@f赵凤山著 |
| 210 | @a北京@c中国文史出版社@d2021.03 | |
| 215 | @a342页@d25cm | |
| 312 | @a英文题名取自封面 | |
| 330 | @a本书内容包括:消息类原文与解析、概貌通讯类原文与解析、事件通讯类原文与解析、工作通讯类原文与解析、人物通讯类原文与解析、调查思考类原文与解析、编辑部文章类原文与解析、评论员文章类原文与解析等。 | |
| 510 | 1 | @aCases analysis of news writing@zeng |
| 606 | 0 | @a新闻写作@Axin wen xie zuo |
| 690 | @aG212.2@v5 | |
| 701 | 0 | @a赵凤山@Azhao feng shan@4著 |
| 801 | 0 | @aCN@b百万庄@c20210925 |
| 905 | @b1298556-59@dG212.2@e1000@f4 | |
| 新闻写作精选案例解析/赵凤山著.-北京:中国文史出版社,2021.03 |
| 342页;25cm |
| ISBN 978-7-5205-1801-7:CNY68.00 |
| 本书内容包括:消息类原文与解析、概貌通讯类原文与解析、事件通讯类原文与解析、工作通讯类原文与解析、人物通讯类原文与解析、调查思考类原文与解析、编辑部文章类原文与解析、评论员文章类原文与解析等。 |
| ● |
| 相关链接 |
|
|
|
|
正题名:新闻写作精选案例解析
索取号:G212.2/1000
 
预约/预借
| 序号 | 登录号 | 条形码 | 馆藏地/架位号 | 状态 | 备注 |
| 1 | 1298556 | 212985563 | 第一样本阅览室/ [索取号:G212.2/1000] | 在馆 | |
| 2 | 1298557 | 212985572 | 第四借阅区/ [索取号:G212.2/1000] | 在馆 | |
| 3 | 1298558 | 212985581 | 第四借阅区/ [索取号:G212.2/1000] | 在馆 | |
| 4 | 1298559 | 212985590 | 第四借阅区/ [索取号:G212.2/1000] | 在馆 |